000 00714nam a22002531 4500
001 22151
003 BD-RjUL
005 20211209000755.0
008 140306s1955 enka b 001 0 eng
035 _a(BD-RjUL)22216
035 _a(OCoLC)1880662
040 _aDLC
_cOClU
_dOCoLC
_dUk
_dDLC
_dBD-RjUL
_beng
041 _aeng
082 _a982
_bPEA 1955
100 1 _aPendle, George.
_968378
245 0 0 _aArgentina /
_cGeorge Pendle
260 _aLondon ;
_aNew York :
_bRoyal Institute of International Affairs,
_c1955.
300 _a159 p. :
_bill. ;
_c21 cm.
504 _aIncludes bibliography and index.
651 0 _aArgentina.
_968379
942 _2ddc
_cBK
999 _c22151
_d22151